[Event "Llinars del Valles Tardor op 6th"]
[Site "Llinars del Valles"]
[Date "2014.10.10"]
[Round "2"]
[White "Costa Trave, Jaume"]
[Black "Niubo Casellas, Jordi"]
[Result "0-1"]
[WhiteElo "2133"]
[BlackElo "2052"]
[PlyCount "54"]
[EventDate "2014.10.03"]
[EventType "swiss"]
[EventRounds "8"]
[EventCountry "ESP"]
[SourceTitle "CBM 163 Extra"]
[Source "ChessBase"]
[SourceDate "2014.12.23"]
[SourceVersion "1"]
[SourceVersionDate "2014.12.23"]
[SourceQuality "1"]

1. f4 d6 2. d4 Nf6 3. Nf3 g6 4. c4 Bg7 5. Nc3 0-0 6. e4 c6 7. Bd3 Bg4 8. h3 Bxf3 9. Qxf3 Nfd7 10. Qf2 Na6 11. a3 e5 12. fxe5 dxe5 13. d5 f5 14. exf5 e4 15. Bxe4 Qe7 16. 0-0 Bxc3 17. bxc3 Qxe4 18. Bh6 Rxf5 19. Qd2 Rxf1+ 20. Rxf1 Re8 21. dxc6 Qxc6 22. Rf4 Qe6 23. Qd4 Ne5 24. c5 Nb8 25. Qf2 Nbd7 26. Re4 Qc6 27. c4 Qxe4 0-1

[Event "Llinars del Valles op 5th"]
[Site "Llinars del Valles"]
[Date "2013.11.15"]
[Round "6"]
[White "Perez Rodriguez, Joan Antoni"]
[Black "Niubo Casellas, Jordi"]
[Result "1/2-1/2"]
[WhiteElo "2133"]
[BlackElo "2064"]
[PlyCount "38"]
[EventDate "2013.10.04"]
[EventType "swiss"]
[EventRounds "8"]
[EventCountry "ESP"]
[SourceTitle "CBM 157 Extra"]
[Source "ChessBase"]
[SourceDate "2013.12.19"]
[SourceVersion "1"]
[SourceVersionDate "2013.12.19"]
[SourceQuality "1"]

1. e4 c6 2. d4 d5 3. e5 Bf5 4. h4 h5 5. Bd3 Bxd3 6. Qxd3 e6 7. Nf3 Qb6 8. Nbd2 Nh6 9. Nf1 Nf5 10. c3 c5 11. Ne3 Nxe3 12. Bxe3 Nc6 13. dxc5 Bxc5 14. Bxc5 Qxc5 15. 0-0 a5 16. a4 0-0 17. Ng5 g6 18. Nxe6 fxe6 19. Qxg6+ Kh8 1/2-1/2

[Event "Llinars del Valles Tardor op 3rd"]
[Site "Llinars del Valles"]
[Date "2011.10.21"]
[Round "4"]
[White "Niubo Casellas, Jordi"]
[Black "Veciana Francesch, Josep"]
[Result "1-0"]
[WhiteElo "1946"]
[BlackElo "1777"]
[PlyCount "87"]
[EventDate "2011.09.30"]
[EventType "swiss"]
[EventRounds "9"]
[EventCountry "ESP"]
[SourceTitle "EXT 2013"]
[Source "ChessBase"]
[SourceDate "2012.11.22"]
[SourceVersion "1"]
[SourceVersionDate "2012.11.22"]
[SourceQuality "1"]

1. d4 Nf6 2. c4 c5 3. d5 b5 4. g3 d6 5. Bg2 bxc4 6. Bg5 Qa5+ 7. Qd2 Qxd2+ 8. Nxd2 Nbd7 9. Nxc4 h6 10. Bxf6 Nxf6 11. Nh3 g5 12. 0-0 Bf5 13. Rfe1 Be4 14. Bxe4 Nxe4 15. f3 Nf6 16. Rad1 Bg7 17. Nf2 0-0 18. e4 Nd7 19. f4 Rfb8 20. Nd3 Nb6 21. b3 Nxc4 22. bxc4 Bd4+ 23. Kf1 Rb6 24. Rb1 Rab8 25. Rxb6 Rxb6 26. Rc1 Ra6 27. Rc2 Ra3 28. Ne1 Kg7 29. Re2 Rc3 30. Rc2 gxf4 31. Rxc3 Bxc3 32. gxf4 Bxe1 33. Kxe1 e5 34. dxe6 fxe6 35. Kf2 Kg6 36. Kg3 Kh5 37. h4 Kg6 38. Kg4 h5+ 39. Kf3 Kf6 40. Ke3 Ke7 41. Kd3 d5 42. exd5 exd5 43. cxd5 Kd6 44. Kc4 1-0

[Event "Llinars del Valles Tardor op 3rd"]
[Site "Llinars del Valles"]
[Date "2011.09.30"]
[Round "1"]
[White "Las Heras Maestro, Lluis"]
[Black "Niubo Casellas, Jordi"]
[Result "0-1"]
[WhiteElo "1497"]
[BlackElo "1946"]
[PlyCount "60"]
[EventDate "2011.09.30"]
[EventType "swiss"]
[EventRounds "9"]
[EventCountry "ESP"]
[SourceTitle "EXT 2013"]
[Source "ChessBase"]
[SourceDate "2012.11.22"]
[SourceVersion "1"]
[SourceVersionDate "2012.11.22"]
[SourceQuality "1"]

1. e4 d6 2. d4 Nf6 3. Nc3 g6 4. Bd3 Bg7 5. Nge2 0-0 6. f3 Nbd7 7. Be3 c5 8. Qd2 a6 9. g4 b5 10. Ng3 Nxg4 11. Nd5 Nxe3 12. Nxe3 Bxd4 13. c3 Bg7 14. 0-0-0 Ne5 15. Be2 Rb8 16. Kb1 Qa5 17. Nd5 Rb7 18. b4 cxb4 19. cxb4 Qa3 20. Rc1 Nc4 21. Bxc4 bxc4 22. Rxc4 Be6 23. Rhc1 Rfb8 24. R1c2 Bxd5 25. Rc8+ Bf8 26. Rxb8 Rxb8 27. exd5 Rxb4+ 28. Rb2 Rxb2+ 29. Qxb2 Qd3+ 30. Qc2 Qxd5 0-1